000 00249 a2200097 4500
001 35033
100 _aRao S
245 _aTesting Commissioning Operation & Maintenance of electrical Equipment
260 _aND
_bKhanna Pub
_c
090 _c23181
_d23181
942 _aNUST-CAE
_cM
_c14649
999 _c270106
_d270106